| 000 | 00435nam a22001817a 4500 | ||
|---|---|---|---|
| 005 | 20230403154525.0 | ||
| 008 | 230401b |||||||| |||| 00| 0 eng d | ||
| 020 | _a978-9386649-20-1 | ||
| 041 | _aeng | ||
| 082 | _a615.8 SRI-D | ||
| 100 |
_aSRILAKSHMI, B _97718 |
||
| 245 | _aDIETETICS | ||
| 250 | _a8th ed. | ||
| 260 | _bNEW AGE INTERNATIONAL PUBLISHERS | ||
| 300 | _a550;P. | ||
| 650 |
_aPHARMACY _xB.PHARMA _97719 |
||
| 942 | _cBK | ||
| 999 |
_c8274 _d8272 |
||